000 01194ny a22002773n 4500
005 20240305165317.0
008 970717s1986 000 spa d
017 _aB25967-1986
020 _a8476980108
035 _a1209
040 _aCRC
_dvLex
040 _aUMA.RE
_dvLex
080 _a336.226"1985"(094.5.047):351.713(460)(0.034)
080 _a351.713(460):336.226"1985"(094.5.047)(0.034)
090 _c504
_d504
100 1 _aDurán-Sindreu Buxadé, Antonio
245 1 0 _aComentarios en torno a la modificación parcial de la ley general tributaria
_h[Recurso electrónico]
_cAntonio Durán-Sindreu Buxadé
256 _aServicio en línea
260 _aBarcelona:
_bBosch,
_c1986
506 1 _aContenido solo disponible en los productos indicados
_dvLex Global
_dvLex Global (Academic Edition, excluding Law Schools)
_dvLex Global (U.S. Academic Edition, Law Schools)
_dvLex Global (U.S. Academic Edition, excluding Law Schools)
_dvLex Global (Academic Edition, Law Schools)
650 0 7 _aTributario
_2Tesauro vLex
650 0 7 _aDerecho tributario
_2Tesauro vLex
740 0 _avLex Libros (Servicios en línea)
856 4 0 _uhttps://app.vlex.com/#/sources/1209
942 _cRAA
999 _c159029
_d159029